000 01338nam a2200385 i 4500
001 193395
003 SpMaBN
005 20250720063105.0
007 ta
008 170915e2017 sp 000 spa
017 _aB 860-2017
_bOficina Depósito Legal Barcelona
020 _a9788490703250
035 _a(OCoLC)1005734796
040 _aSpMaBN
_bspa
_cSpMaBN
_erdc
080 _a821.134.2-31"19"
100 1 _aPérez Henares, Antonio,
_d1953-
_eaut
_0XX1067255
_9138463
245 1 3 _aEl último cazador /
_cAntonio Pérez Henares
250 _a1ª edición: marzo, 2017
260 _aBarcelona :
_bB de Bolsillo,
_c2017
300 _a457 páginas ;
_c22 cm
336 _aTexto (visual)
_2isbdcontent
337 _asin mediación
_2isbdmedia
338 _2rdacarrier
_avolumen
490 0 _aMaxi (B de Bolsillo)
500 _aÍndice
500 _aTercer libro de la Saga prehistórica
655 7 _aNovelas históricas
_2tgfbne
_9226782
740 0 2 _aSaga prehistórica ;
_n3
830 0 _9226098
_aMaxi (B de Bolsillo)
852 _aES-MaACL
_bR. 154739
_cDEPOJ
_gDedicatoria autógrafa del autor
_hDonación: Antonio Pérez Henares
_jN-9549
_9200846
903 _aPérez Henares, Antonio,
_d1953-
_ednr
_9138463
942 _n0
_cMONOGRAFIA
999 _c193395
_d193395